The Republic of Plato / (Record no. 1535)
[ view plain ]
| 000 -LEADER | |
|---|---|
| fixed length control field | 00751nac a22002171u 4500 |
| 008 - FIXED-LENGTH DATA ELEMENTS--GENERAL INFORMATION | |
| fixed length control field | 090121t1991 ny |||||r|||| 001 0 eng d |
| 010 ## - LIBRARY OF CONGRESS CONTROL NUMBER | |
| LC control number | 91189634 |
| 020 ## - INTERNATIONAL STANDARD BOOK NUMBER | |
| International Standard Book Number | 0465069347 : |
| 020 ## - INTERNATIONAL STANDARD BOOK NUMBER | |
| International Standard Book Number | 9780465069347 |
| 082 00 - DEWEY DECIMAL CLASSIFICATION NUMBER | |
| Classification number | 321.07 |
| Item number | PLA |
| Edition number | 22 |
| 100 ## - MAIN ENTRY--PERSONAL NAME | |
| 9 (RLIN) | 33498 |
| Personal name | Plato |
| 245 14 - TITLE STATEMENT | |
| Title | The Republic of Plato / |
| Statement of responsibility, etc | translated with notes and an interpretive essay by Allan Bloom. |
| 250 ## - EDITION STATEMENT | |
| Edition statement | 2nd ed. |
| 260 ## - PUBLICATION, DISTRIBUTION, ETC. (IMPRINT) | |
| Place of publication, distribution, etc | [New York] : |
| Name of publisher, distributor, etc | Basic Books, |
| Date of publication, distribution, etc | c1991. |
| 300 ## - PHYSICAL DESCRIPTION | |
| Extent | xxiv, 487 p. ; |
| Dimensions | 24 cm. |
| 504 ## - BIBLIOGRAPHY, ETC. NOTE | |
| Bibliography, etc | Includes bibliographical references (p. 439-472) and index. |
| 650 #0 - SUBJECT ADDED ENTRY--TOPICAL TERM | |
| Topical term or geographic name as entry element | Political science |
| Form subdivision | Early works to 1800. |
| 9 (RLIN) | 1263 |
| 650 #0 - SUBJECT ADDED ENTRY--TOPICAL TERM | |
| Topical term or geographic name as entry element | Utopias |
| Form subdivision | Early works to 1800. |
| 9 (RLIN) | 33499 |
| 700 1# - ADDED ENTRY--PERSONAL NAME | |
| Personal name | Bloom, Allan David, |
| Dates associated with a name | 1930-1992. |
| 9 (RLIN) | 33500 |
| 942 ## - ADDED ENTRY ELEMENTS (KOHA) | |
| Item type | NB - Book (Non borrowing) |
| Call number prefix | 321.07PLA |
| Source of classification or shelving scheme | Dewey Decimal Classification |
| Withdrawn status | Item status | Source of classification or shelving scheme | Damaged status | Not for loan | Vendor | Home library | Current library | Shelving location | Date acquired | Source of acquisition | Total Checkouts | Full call number | Barcode | Date last seen | Date last borrowed | Koha item type | Total Renewals | Cost, replacement price |
|---|---|---|---|---|---|---|---|---|---|---|---|---|---|---|---|---|---|---|
| Dewey Decimal Classification | Alahram | Central Library | Central Library | First floor | 06/11/2005 | 18 | 321.07 PLA | 000002822 | 15/07/2025 | 09/12/2013 | NB - Book (Non borrowing) | |||||||
| Lost and Paid For | Dewey Decimal Classification | Alahram | Central Library | Central Library | First floor | 21/01/2009 | 14 | 321.07 PLA | 000002824 | 29/10/2014 | 29/10/2014 | Book - Borrowing | 36 | 284.00 | ||||
| Dewey Decimal Classification | Alahram | Central Library | Central Library | First floor | 21/01/2009 | 54 | 321.07 PLA | 000002823 | 30/10/2025 | 20/10/2025 | Book - Borrowing | 131 |